000 00900nam a2200301Ia 4500
001 79168
003 IT-RoPAU
008 130308s9999 xx 000 0 und d
040 _aIT-RoPAU
040 _cIT-RoPAU
041 _aITALIANO
100 _aBernardi Bernardo
100 _gCodice Aut. SPICS: 15149
245 _aAcculturazione-L'Incontro di culture diverse
245 _bPopoli Diversi-6
250 _a1a ed.
260 _aTORINO
260 _bSAIE
260 _c1979 [1° Ed.:1979 - Ed.Ling.Originale:1979]
300 _a"8 p. (prefazione: no ; testo: 8 [pagine: 46-53])"
500 _aCultura viva cicli Culturali colonialismo Sincretismo Religioso e Artistico Storia e cambiamento Culturale inculturazione Acculturazione Deculturazione
650 _aANTROPOLOGIA
650 _eCodice materia Spics: 3501
942 _cBK
957 _71
999 _c41705
_d41705
999 _bSI
999 _g1